| 000 | 00643nam a22002057a 4500 | ||
|---|---|---|---|
| 005 | 20090819144039.0 | ||
| 008 | 090819t xxu||||| |||| 00| 0 eng d | ||
| 010 | _aB-328877 | ||
| 020 | _c210.00 | ||
| 035 | _aB-328877 | ||
| 037 | _bUBH | ||
| 100 | _aCorbett,Jim | ||
| 245 |
_aMy India / _cby Jim Corbett |
||
| 260 |
_aNew Delhi _bOxford University Press _c2008 |
||
| 270 | _bNew Delhi | ||
| 300 |
_a188p. _c21cm.(pbk) |
||
| 942 |
_2ddc _cEN _mCOR |
||
| 999 |
_c29295 _d29295 |
||